Breve historia de la etología / (Record no. 134884)

MARC details
000 -LEADER
campo de control de longitud fija 00639nam a2200217 i 4500
001 - NÚMERO DE CONTROL
campo de control 134884
003 - IDENTIFICADOR DE NÚMERO DE CONTROL
campo de control ES-MaACL
005 - FECHA Y HORA DE LA ÚLTIMA TRANSACCIÓN
campo de control 20250804062547.0
007 - CAMPO FIJO DE DESCRIPCIÓN FÍSICA--INFORMACIÓN GENERAL
campo de control de longitud fija t|
008 - DATOS DE LONGITUD FIJA--INFORMACIÓN GENERAL
campo de control de longitud fija 070702s1982 sp ||||1| spa d
080 ## - NÚMERO DE LA CLASIFICACIÓN DECIMAL UNIVERSAL
Número de la Clasificación Decimal Universal 591.5
100 1# - ENTRADA PRINCIPAL--NOMBRE DE PERSONA
Nombre de persona Thorpe, William H.
9 (RLIN) 110158
245 10 - MENCIÓN DEL TÍTULO
Título Breve historia de la etología /
Mención de responsabilidad, etc. W.H. Thorpe ; [traductor: Joaquín Ortega].
260 ## - PUBLICACIÓN, DISTRIBUCIÓN, ETC.
Lugar de publicación, distribución, etc. Madrid :
Nombre del editor, distribuidor, etc. Alianza,
Fecha de publicación, distribución, etc. [1982]
300 ## - DESCRIPCIÓN FÍSICA
Extensión 211 p. :
Otras características físicas il. ;
Dimensiones 18 cm.
490 1# - MENCIÓN DE SERIE
Mención de serie El libro de bolsillo
700 1# - ENTRADA AGREGADA--NOMBRE PERSONAL
Nombre de persona Ortega, Joaquín.
9 (RLIN) 87410
830 03 - PUNTO DE ACCESO ADICIONAL DE SERIE-TÍTULO UNIFORME
Título uniforme El libro de bolsillo
9 (RLIN) 177802
852 ## - LOCALIZACIÓN
Ubicación ES-MaACL
Número de control de estantería L-3021
Sublocalización o colección R.103845
Holdings
Estatus retirado Estado de pérdida Estado de daño No para préstamo Biblioteca de origen Biblioteca actual Ubicación en estantería Fecha de adquisición Fuente de adquisición Total de préstamos Signatura topográfica completa Código de barras Visto por última vez Precio de reemplazo Tipo de ítem Koha
        Biblioteca del Ateneo de Madrid Biblioteca del Ateneo de Madrid Depósito 2 17/01/2008     L-3021 1140394 23/02/2023 23/02/2023 Libro impreso